000 00411nam a2200133Ia 4500
008 150223s9999 xx 000 0 und d
020 _a9710868780
050 _aBL 2480
_b.P979 2008
100 _aPujalte, Jose M. M.D.
245 _aHealing thoughts :
_brandomly medical /
_cJose M. Pujalte, M.D.
250 _a2nd ed.
260 _aMandaluyong City :
_bNational Bookstore,
_c2008
300 _a185 pages :
_c22 cm.
999 _c283246
_d283246